G-20: Issues, challenges and opportunities (Record no. 394529)

MARC details
000 -LEADER
fixed length control field 00502 a2200193 4500
005 - DATE & TIME
control field 20260214105314.0
008 - FIXED-LENGTH DATA ELEMENTS--GENERAL INFORMATION
fixed length control field 260213b |||||||| |||| 00| 0 eng d
020 ## - ISBN
International Standard Book Number 9788198146151
Price Rs. 2695.00
040 ## - CATALOGING SOURCE
Original cataloging agency VIVEKANANDA LIBRARY
082 ## - DDC NUMBER
Classification number 337.1
Book Number B147I
100 ## - MAIN ENTRY--PERSONAL NAME
Personal name Bagul, Jay
245 ## - TITLE STATEMENT
Title G-20: Issues, challenges and opportunities
260 ## - PUBLICATION, DISTRIBUTION, ETC. (IMPRINT)
Name of publisher, distributor, etc Yking Books
Date of publication, distribution, etc 2025
Place of publication, distribution, etc Jaipur
300 ## - PHYSICAL DESCRIPTION
Pages x, 345
650 ## - Subject
Subject Economics
650 ## - Subject
Subject International Economics
650 ## - Subject
Subject Global Governance
942 ## - ADDED ENTRY ELEMENTS (KOHA)
Koha item type Books
Holdings
Withdrawn status Lost status Source of classification or shelving scheme Damaged status Not for loan Location (home branch) Sublocation or collection (holding branch) Shelving location Date acquired Koha issues (times borrowed) Koha full call number Accession No. Koha date last seen Koha item type
    Dewey Decimal Classification     VIVEKANANDA LIBRARY VIVEKANANDA LIBRARY Vivekananda Library 07/01/2026   337.1 B147I 444055 07/01/2026 Books
© Designed and Maintained by Vivekananda Library, MDU Rohtak